Die sechs Ninja aus Ninjago - Statistiken

Allgemein
  • Dieses Quiz wurde 811 mal gespielt
  • Das Durchschnittsergebnis liegt bei 5 aus 6
Antwortstatistiken
Element Ninja % Korrekt
Feuer Kai
97%
Erde Cole
92%
Eis Zane
92%
Blitz Jay
91%
Grüne Kraft Lloyd
83%
Wasser Nya
79%
Keine übereinstimmenden Quizze gefunden
Verteilung der Resultate
Anzahl Personen mit jedem Resultat
Perzentil nach korrekt beantworteten Fragen
Ihre Resultats-Entwicklung
Sie haben dieses Quiz noch nicht gespielt